History Quiz

Random History Quiz
Score 0/15 Timer 10:00
0 Plays Today
Year Homecoming Theme % Correct
2012The Glory Echoes On
85%
2011Forever Lions Endless Pride
65%
2010Bonded by Blue & White
60%
2009Remember the Lion Within
45%
2008Inspired by Tradition
20%
2007Reflecting the Spirit
10%
2006Pride in Our Legacy
5%
1998With Pride and Glory
0%
Year Homecoming Theme % Correct
1999Looking Back, Roaring Forward
0%
2000The Legacy Lives On
0%
2001Celebrate Old State
0%
2002Guarding the Glory
0%
2003One Pride Upholding Tradition
0%
2004Honoring the Legend
0%
2005Heart of the Lion
0%
Remove Ads.
Support Sporcle.
Get the best of Sporcle when you Go Orange. This ad-free experience offers more features, more stats, and more fun while also helping to support Sporcle. Thank you for becoming a member.

You're not logged in!

Compare scores with friends on all Sporcle quizzes.
OR
Log In

You Might Also Like...

Show Comments

Extras

Top Quizzes Today


Score Distribution

Your Account Isn't Verified!

In order to create a playlist on Sporcle, you need to verify the email address you used during registration. Go to your Sporcle Settings to finish the process.

Report this User

Report this user for behavior that violates our Community Guidelines.

Details: